Wortgemisch - Deutsche Lieder #10 - Statistiken

Allgemein
  • Dieses Quiz wurde 469 mal gespielt
  • Das Durchschnittsergebnis liegt bei 12 aus 15
Antwortstatistiken
Hint Antwort % Korrekt
asuH ma eSe Haus am See
99%
spAlpau, palusAp Applaus Applaus
97%
iwesoSo Sowieso
97%
eibeL sti Liebe ist
95%
teteR chMi Rette Mich
95%
teunG groMen, beile roSgen Guten Morgen, liebe Sorgen
92%
ehOn nime amTe Ohne mein Team
90%
cönSh sti se ufa rde telW uz ines Schön ist es auf der Welt zu sein
89%
hcI sals ürf hicd sda tiLch na Ich lass für dich das Licht an
87%
latHet ide elWt na Haltet die Welt an
83%
roboSt Ppo Strobo Pop
82%
hateerT Theater
78%
bAchesid hennem Abschied nehmen
61%
renKeil talitelS Kleiner Satellit
47%
srensPichenz Prinzesschen
40%
Keine übereinstimmenden Quizze gefunden
Verteilung der Resultate
Anzahl Personen mit jedem Resultat
Perzentil nach korrekt beantworteten Fragen
Ihre Resultats-Entwicklung
Sie haben dieses Quiz noch nicht gespielt